Rempit di Malaysia : (Record no. 129548)

MARC details
000 -LEADER
fixed length control field 00736nam a2200241 i 4500
001 - CONTROL NUMBER
control field C2-0330755
003 - CONTROL NUMBER IDENTIFIER
control field PPAK
005 - DATE AND TIME OF LATEST TRANSACTION
control field 20180728131304.0
008 - FIXED-LENGTH DATA ELEMENTS--GENERAL INFORMATION
fixed length control field 150513s2015 my a|||| ||||| | may d
020 ## - INTERNATIONAL STANDARD BOOK NUMBER
International Standard Book Number 9789834901622
040 ## - CATALOGING SOURCE
Original cataloging agency PPAK
Language of cataloging eng
Transcribing agency PPAK
Description conventions rda
082 04 - DEWEY DECIMAL CLASSIFICATION NUMBER
Classification number 361.109595
Edition number 23
090 00 - LOCALLY ASSIGNED LC-TYPE CALL NUMBER (OCLC); LOCAL CALL NUMBER (RLIN)
Classification number (OCLC) (R) ; Classification number, CALL (RLIN) (NR) 361.109595
Feature heading ROZ
Feature heading G
100 0# - MAIN ENTRY--PERSONAL NAME
Personal name Rozmi Ismail,
Relator term author
245 10 - TITLE STATEMENT
Title Rempit di Malaysia :
Remainder of title isu dan cabaran
264 #1 - PRODUCTION, PUBLICATION, DISTRIBUTION, MANUFACTURE, AND COPYRIGHT NOTICE
Place of production, publication, distribution, manufacture Kuala Lumpur :
Name of producer, publisher, distributor, manufacturer Dewan Bahasa dan Pustaka ,
Date of production, publication, distribution, manufacture, or copyright notice 2015
300 ## - PHYSICAL DESCRIPTION
Extent xiv, 194 pages :
Other physical details colour illustrations ;
Dimensions 21 cm
336 ## - CONTENT TYPE
Source rdacontent
Content type term text
337 ## - MEDIA TYPE
Source rdamedia
Media type term unmediated
338 ## - CARRIER TYPE
Source rdacarrier
Carrier type term volume
650 10 - SUBJECT ADDED ENTRY--TOPICAL TERM
Topical term or geographic name entry element Social problems - Malaysia. ; Youth - Social aspects.
942 ## - ADDED ENTRY ELEMENTS (KOHA)
-- dc
Koha item type Book
Holdings
Withdrawn Not for loan Current library Shelving location Date acquired Total Checkouts Total Renewals Full call number Barcode Date last seen Date last checked out Koha item type
    Perpustakaan Alor Setar Pinjaman Dewasa 18/05/2015 3 2 361.109595 ROZ A01451597 01/04/2023 04/02/2023 Book
    Perpustakaan Awam Sungai Petani Pinjaman Dewasa 18/05/2015 2   361.109595 ROZ A01451598 26/09/2018 26/09/2018 Book
    Perpustakaan Jitra Pinjaman Dewasa 18/05/2015 1   361.109595 ROZ A01451599 30/03/2022 05/03/2022 Book
    Perpustakaan Kulim Pinjaman Dewasa 18/05/2015     361.109595 ROZ A01451600 09/05/2018   Book